Statistiken für Welthauptstädte am nächsten an Bratislava

Klicken Sie hier um das Quiz zu spielen!

Allgemein

  • Dieses Quiz wurde 109 mal gespielt
  • Das Durchschnittsergebnis liegt bei 17 aus 20

Antwortstatistiken

kmHauptstadt% Korrekt
288Prag
99%
56Wien
99%
553Berlin
98%
162Budapest
98%
784Rom
95%
737Bern
94%
806Bukarest
94%
534Warschau
94%
273Zagreb
91%
580Vaduz
88%
777Sofia
84%
453Belgrad
81%
305Ljubljana
81%
591San Marino
75%
488Sarajevo
75%
789Tirana
73%
785Vatikanstadt
72%
658Podgorica
69%
764Skopje
69%
688Priština
68%

Verteilung der Resultate

Perzentil nach korrekt beantworteten Fragen

Anzahl Personen mit jedem Resultat

Ihre Resultats-Entwicklung

Sie haben dieses Quiz noch nicht gespielt